Networking Acronyms - Statistics

General Stats
  • This quiz has been taken 68 times
  • The average score is 14 of 58
Answer Stats
Hint Answer % Correct
LAN Local area network
81%
VLAN Virtual local area network
78%
VPN Virtual private network
76%
WAN Wide area network
73%
HTTP Hypertext transfer protocol
65%
FTP File transfer protocol
62%
DNS Domain name system
57%
SSH Secure shell
57%
ARP Address resolution protocol
49%
QoS Quality of service
46%
UDP User datagram protocol
46%
MAC Media access control
43%
NAT Network address translation
43%
TTL Time to live
38%
APs Access points
35%
DHCP Dynamic host configuration protocol
35%
TCP Transmission control protocol
32%
WLAN Wireless local area network
32%
SMTP Simple mail transfer protocol
30%
STP Spanning tree protocol
30%
NTP Network time protocol
27%
RDP Remote desktop protocol
27%
TFTP Trivial file transfer protocol
24%
BGP Border gateway protocol
22%
LDAP Lightweight directory access protocol
19%
OSI Open systems interconnection
19%
OSPF Open shortest path first
16%
SMNP Simple network management protocol
16%
PAT Port address translation
14%
PDU Protocol data unit
14%
SD-WAN Software defined wide area network
14%
CDN Content delivery network
11%
FHRP First hop redundancy protocol
11%
ICMP Internet control message protocol
11%
NAS Network attached storage
11%
RTT Round trip time
11%
SDN Software defined networking
11%
SANs Storage area networks
11%
VXLAN Virtual extensible local area network
11%
VPC Virtual private cloud
11%
CRC Cyclic redundancy check
8%
GRE Generic routing encapsulation
8%
NDP Neighbor discovery protocol
8%
SMB Server message block
8%
CSMA/CD Carrier sense multiple access with collision detection
5%
HSRP Hot standby router protocol
5%
SSE Security service edge
5%
SIP Session initiation protocol
5%
EIGRP Enhanced interior gateway routing protocol
3%
FDM Frequency division multiplexing
3%
OFDMA Orthogonal frequency division multiple access
3%
OFDM Orthogonal frequency division multiplexing
3%
SASE Secure access secure edge
3%
TDM Time division multiplexing
3%
ZTP Zero touch provisioning
3%
MTU Maximum transmission unit
0%
NFV Network functions virtualization
0%
NSG Network security groups
0%
No matching quizzes found
Score Distribution
Percent of People with Each Score
Percentile by Number Answered
Your Score History
You have not taken this quiz